000 00365nam a22001337a 4500
020 _a978-93-530-6626-0
082 _a338.04
100 _aCharantimath, Poornima M.
245 _aEntrepreneurship Development and Small Business Enterprises
250 _a3rd
260 _aUttar Pradesh:
_bPearson Education,
_c2019
300 _axx, 412p.: ill.; 25cm
942 _cBK
999 _c22142
_d22142